Statistics for James Harden quiz

Click here to take the quiz!

General Stats

  • This quiz has been taken 2,865 times
  • The average score is 6 of 12

Answer Stats

HintAnswer% Correct
Has he won a championshipno
98%
current teamrockets
88%
old teamthunder
87%
his number on jersey13
79%
year of his draft2009
79%
nicknameThe beard
78%
universityarizona state
45%
height (in metres)1.96
31%
roundone
20%
pickthree
17%
who did he admire when youngerkobe bryant
14%
high schoolartesia high school
10%

Score Distribution

Percentile by Number Answered

Percent of People with Each Score

Your Score History

You have not taken this quiz